书目信息 |
| 题名: |
宗教与科学
|
|
| 作者: | 罗素 | |
| 分册: | ||
| 出版信息: | 北京 商务印书馆 1982 |
|
| 页数: | 139 | |
| 开本: | 20cm | |
| 丛书名: | ||
| 单 册: | ||
| 中图分类: | B92 | |
| 科图分类: | ||
| 主题词: | 宗教 | |
| 电子资源: | ||
| ISBN: | ||
| 000 | 00428nam0 2200169 450 | |
| 001 | 0735257515 | |
| 005 | 20070904094737.51 | |
| 100 | @a20070904d km y0chiy0120 ea | |
| 101 | 0 | @achi |
| 200 | 1 | @a宗教与科学@Azong jiao yu ke xue@f罗素@Fluo su |
| 210 | @a北京@c商务印书馆@d1982 | |
| 215 | @a139@c0.63@d20cm | |
| 606 | 0 | @a宗教 |
| 690 | @aB92@v3 | |
| 701 | 0 | @a罗素@Aluo su |
| 801 | 0 | @aCN@bPFT@c20070904 |
| 905 | @a213230@dB92@ea40@f1 | |
| 宗教与科学/罗素.-北京:商务印书馆,1982 |
| 139:0.63;20cm |
| ISBN : |
| ● |
| 相关链接 |
|
|
|
|
正题名:宗教与科学
索取号:B92/a40
 
预约/预借
| 序号 | 登录号 | 条形码 | 馆藏地/架位号 | 状态 | 备注 |
| 1 | 7500882 | 275008821 | 史法系资料室/ [索取号:B92/a40] | 在馆 |